=LDR 00000nam 2200000 4500 =001 INLIS000000000029109 =005 20200827115338 =035 ##$$a 0010-061300000029109 =008 200827################g##########0#ind## =041 ##$$a Ind =082 ##$$a 2x8.1 =090 ##$$a 2x8.1, Mas m =100 1#$$a Masyhuri, A Aziz =245 1#$$a Masalah keagamaan hasil Muktamar dan munas ulama nahdlatul ulama kesatu 1928 s.d ketia puluh 2000, jilid II /$c KH A. Aziz Masyhuri =260 ##$$a Jakarta :$b Qultum Media,$c 2004 =300 ##$$a viii, 204 hlm., : $b PP RMI dan Qultum Media ; $c 15 x 23 cm =650 #4$$a Islam NU =850 ##$$a NBPNMAT =084 ##$$a 2x8.1 MAS m =020 ##$$a 979-3762-10-8 =250 ##$$a cet.1 =990 ##$$a 20800512 =990 ##$$a 1200800479 =990 ##$$a 20800513 =990 ##$$a 20800513 =990 ##$$a 20800512 =990 ##$$a 1200800479 =990 ##$$a 20800512 =990 ##$$a 1200800479 =990 ##$$a 20800513 =990 ##$$a 1200800479 =990 ##$$a 20800512 =990 ##$$a 20800513 =990 ##$$a 20800511 =990 ##$$a 20800512 =990 ##$$a 1200800479 =990 ##$$a 20800513 =990 ##$$a 20800511 =990 ##$$a 20800512 =990 ##$$a 1200800479 =990 ##$$a 20800513